<?xml version="1.0" encoding="UTF-8"?>
<marc:record xmlns:marc="http://www.loc.gov/MARC21/slim">
   <marc:leader>00000nam a2200000 a 4500</marc:leader>
   <marc:datafield ind1="1" ind2=" " tag="100">
      <marc:subfield code="a">Tegetthoff, Folke</marc:subfield>
      <marc:subfield code="4">aut</marc:subfield>
      <marc:subfield code="e">Verfasser/-in</marc:subfield>
   </marc:datafield>
   <marc:datafield ind1="0" ind2="0" tag="245">
      <marc:subfield code="a">Die schönsten Märchen</marc:subfield>
   </marc:datafield>
   <marc:datafield ind1=" " ind2="1" tag="264">
      <marc:subfield code="b">Carl Überreuter</marc:subfield>
      <marc:subfield code="c">2004</marc:subfield>
   </marc:datafield>
   <marc:datafield ind1="1" ind2=" " tag="490">
      <marc:subfield code="a">Märchen für Erwachsene</marc:subfield>
   </marc:datafield>
   <marc:datafield ind1="1" ind2=" " tag="520">
      <marc:subfield code="a">Folke Tegetthoff erzählt ...
Die schönsten Märchen aus 25 Jahren wurden in diesem Jubiläumsband zusammengestellt. Folke Tegetthoff beherrscht die Kunst des Erzählens wie kein anderer und lässt den Leser in die Welt der Märchen eintauchen.
Die Auswahl reicht von Liebesmärchen und Märchenbriefen über Reise- und Kräutermärchen bis hin zu modernen Märchen.</marc:subfield>
   </marc:datafield>
   <marc:datafield ind1=" " ind2=" " tag="020">
      <marc:subfield code="a">9783800050758</marc:subfield>
      <marc:subfield code="9">9783800050758</marc:subfield>
   </marc:datafield>
</marc:record>
